| Tag |
First Indicator |
Second Indicator |
Subfields |
| LEADER |
00000cam a2200000 4500 |
| 001 |
in00000039961 |
| 005 |
20151007070441.0 |
| 008 |
741108s1966 cauab b 00010 eng u |
| 010 |
|
|
|a 66014109
|
| 035 |
|
|
|a (OCoLC)01069554
|
| 035 |
|
|
|9 AAE4042AM
|
| 040 |
|
|
|c HAM
|d TXA
|d UtOrBLW
|
| 049 |
|
|
|a TXAM
|c [460911]
|
| 050 |
0 |
0 |
|a QH123
|b .B68
|
| 082 |
0 |
|
|a 500.9098665
|
| 092 |
|
|
|a 574.98665
|b B787g, 1966
|
| 100 |
1 |
|
|a Bowman, Robert I.
|
| 245 |
1 |
4 |
|a The Galapagos ;
|b proceedings of the symposia of the Galapagos international scientific project /
|c edited by Robert I. Bowman.
|
| 264 |
|
1 |
|a Berkeley :
|b University of California Press,
|c 1966.
|
| 300 |
|
|
|a xvii, 318 pages :
|b illustrations (part color) maps. ;
|c 28 cm.
|
| 336 |
|
|
|a text
|b txt
|2 rdacontent
|
| 337 |
|
|
|a unmediated
|b n
|2 rdamedia
|
| 338 |
|
|
|a volume
|b nc
|2 rdacarrier
|
| 500 |
|
|
|a "Brings together the symposium papers of the 'Galapagos international scientific project,' an eleven-week interdisciplinary program in science organized by University of California Extension, Berkeley, under the auspices of the National Science Foundation, the Government of Ecuador, the Charles Darwin Foundation for the Galapagos Islands, and the California Academy of Sciences ... The first symposium was held in Berkeley, California (January 7-8 [1964]) and the second was convened aboard ship (January 11-18 [1964]) while the scientists were en route to the islands."
|
| 504 |
|
|
|a Includes bibliographies.
|
| 650 |
|
0 |
|a Natural history
|z Galapagos Islands.
|
| 650 |
|
0 |
|a Scientific expeditions.
|
| 710 |
1 |
|
|a California.
|b University.
|b University Extension.
|
| 710 |
2 |
|
|a National Science Foundation (U.S.)
|
| 740 |
0 |
|
|a Galapagos international scientific project.
|
| 999 |
|
|
|a MARS
|
| 999 |
f |
f |
|s c04b4adc-d281-3a6a-a1fc-5c4e881c640c
|i 40b95f69-1802-340d-95b2-7aae96caa43b
|t 0
|
| 952 |
f |
f |
|p ric
|a Texas A&M University
|b Rellis Campus
|c Joint Library Facility
|d Remote Storage
|t 0
|e QH123 .B68
|h Library of Congress classification
|i unmediated -- volume
|m A14800976630
|
| 998 |
f |
f |
|a QH123 .B68
|t 0
|l Remote Storage
|